[Event "Luxembourg-chT 9899"]
[Site "Luxembourg"]
[Date "1999.01.10"]
[Round "6"]
[White "Schmit, Francis"]
[Black "Klein, Jean Pierre"]
[Result "1-0"]
[WhiteElo "1905"]
[BlackElo "2005"]
[PlyCount "70"]
[EventDate "1998.10.08"]
[EventType "team"]
[EventRounds "10"]
[EventCountry "LUX"]
[SourceTitle "EXT 2005"]
[Source "ChessBase"]
[SourceDate "2004.11.15"]
[SourceVersion "1"]
[SourceVersionDate "2004.11.15"]
[SourceQuality "1"]

1. d4 Nf6 2. c4 g6 3. Nc3 Bg7 4. e4 d6 5. f3 Nc6 6. Bg5 h6 7. Be3 e5 8. d5 Ne7 9. Qd2 Bd7 10. g4 a6 11. h4 Qb8 12. Nh3 b5 13. c5 dxc5 14. Bxc5 Nc8 15. g5 Nh5 16. Ne2 Nd6 17. b3 Qd8 18. Be3 hxg5 19. hxg5 a5 20. Nf2 Ke7 21. Bh3 b4 22. Nd3 Nf4 23. Ndxf4 exf4 24. Bd4 Bxd4 25. Qxd4 Bxh3 26. e5 Nf5 27. Qc5+ Ke8 28. Nxf4 Ne7 29. 0-0-0 Qd7 30. e6 Qd6 31. Qd4 Rg8 32. Rxh3 Nf5 33. Qe4 Qc5+ 34. Kb1 Qe3 35. exf7+ Kxf7 1-0